000 00247nam a2200109Ia 4500
005 20251222114350.0
008 251222s1900||||xx |||||||||||||| ||spa||
082 _aDVD0070/B83/2001
245 0 _aEl reto
264 _bFireworks Pictures
942 _cDVD
999 _c1207
_d1207